| 000 | 00710nam a2200217Ia 4500 | ||
|---|---|---|---|
| 005 | 20250701164522.0 | ||
| 008 | 008 250505s9999 xx 000 0 eng d | ||
| 037 | _aTextual | ||
| 040 |
_aEASL _beng _cEASL |
||
| 041 |
_aeng _2eng |
||
| 084 |
_aXN5(Y31):(Y:4:7).41, K9 _qEASL |
||
| 100 |
_aChen C S _9655245 |
||
| 245 | 0 | _aRural people's communes in Lien-Chiang: Socuments concerning communes in Lien-chiang county, Fukien province, 1962-1963 | |
| 260 |
_aUSA _bStanford Hoover Institution Press _c1969 |
||
| 300 | _a243p. | ||
| 365 | _b9.5 | ||
| 650 | _aCEL | ||
| 700 |
_aRidley Charles Price Tr. _9655246 |
||
| 942 |
_cREF _hXN5(Y31):(Y:4:7).41, K9 |
||
| 999 |
_c1433345 _d1433345 |
||